[Event "SVK-ch U18/20 Girls"]
[Site "Tatralandia"]
[Date "2025.05.15"]
[Round "6"]
[White "Tomcaniova, Lucia"]
[Black "Kapolkova, Greta"]
[Result "1-0"]
[WhiteElo "1902"]
[BlackElo "1914"]
[PlyCount "75"]
[EventDate "2025.05.11"]
[EventType "swiss"]
[EventRounds "9"]
[EventCountry "SVK"]
[SourceTitle "CB21_2025"]
[SourceDate "2025.05.21"]
[SourceVersion "1"]
[SourceVersionDate "2025.05.21"]
[SourceQuality "1"]

1. e4 c5 2. Nf3 Nc6 3. c3 d5 4. exd5 Qxd5 5. d4 Nf6 6. Be2 e6 7. 0-0 Be7 8. Be3 cxd4 9. cxd4 0-0 10. Nc3 Qd6 11. Rc1 b6 12. Bd3 Bb7 13. Bb1 Rfd8 14. Qe2 Rac8 15. Rfd1 Nb4 16. Ne5 Nbd5 17. Bg5 h6 18. Bd2 Bf8 19. Ne4 Qe7 20. Ng3 Qe8 21. Qf3 Ba8 22. Nh5 Nxh5 23. Qxh5 Nf6 24. Qh4 Qe7 25. Bc3 Ne4 26. Qf4 Qf6 27. Qe3 Qg5 28. f4 Qf5 29. Re1 f6 30. Nf3 e5 31. fxe5 fxe5 32. Nxe5 Re8 33. Bxe4 Bxe4 34. Qxe4 Qxe4 35. Rxe4 b5 36. Bd2 Rcd8 37. Rce1 Bc5 38. Nf3 1-0

[Event "SVK-ch U18/20 Girls"]
[Site "Tatralandia"]
[Date "2025.05.14"]
[Round "5"]
[White "Kapolkova, Greta"]
[Black "Vasylchuk, Diana"]
[Result "1-0"]
[WhiteElo "1914"]
[BlackElo "2018"]
[PlyCount "109"]
[EventDate "2025.05.11"]
[EventType "swiss"]
[EventRounds "9"]
[EventCountry "SVK"]
[SourceTitle "CB21_2025"]
[SourceDate "2025.05.21"]
[SourceVersion "1"]
[SourceVersionDate "2025.05.21"]
[SourceQuality "1"]

1. e4 c5 2. Nf3 Nc6 3. c3 d5 4. exd5 Qxd5 5. d4 e5 6. Nxe5 Nxe5 7. dxe5 Qxe5+ 8. Be3 Bd7 9. Be2 Nf6 10. Bf3 Bb5 11. Na3 Rd8 12. Qb3 Bc6 13. Bxc6+ bxc6 14. Nc4 Qc7 15. 0-0 Be7 16. Rfe1 0-0 17. Qc2 Ng4 18. g3 Nxe3 19. Rxe3 Bf6 20. Rae1 Qd7 21. Qe2 h6 22. h4 Qd5 23. Re4 Qd3 24. Qxd3 Rxd3 25. R1e2 Rfd8 26. Na5 R3d6 27. Nb7 Rd1+ 28. Kg2 R8d5 29. Rc4 R1d2 30. Rxd2 Rxd2 31. b3 Rxa2 32. Nxc5 Be7 33. Nd7 Rd2 34. Ne5 c5 35. Nc6 Rd7 36. Nxe7+ Rxe7 37. Rxc5 Rb7 38. Rc8+ Kh7 39. b4 Kg6 40. Rc5 Kf6 41. Kf3 Ke6 42. Ke4 Rb6 43. b5 g6 44. g4 Rd6 45. Re5+ Kf6 46. c4 Rd2 47. g5+ Kg7 48. Ke3 Rc2 49. c5 Rc4 50. Kd3 Rxh4 51. c6 hxg5 52. Re8 Rh3+ 53. Kd2 Rf3 54. c7 Rxf2+ 55. Re2 1-0

[Event "SVK-ch U18/20 Girls"]
[Site "Tatralandia"]
[Date "2025.05.13"]
[Round "4"]
[White "Kapolkova, Greta"]
[Black "Sosovickova, Jana"]
[Result "0-1"]
[WhiteElo "1914"]
[BlackElo "1995"]
[PlyCount "124"]
[EventDate "2025.05.11"]
[EventType "swiss"]
[EventRounds "9"]
[EventCountry "SVK"]
[SourceTitle "CB21_2025"]
[SourceDate "2025.05.21"]
[SourceVersion "1"]
[SourceVersionDate "2025.05.21"]
[SourceQuality "1"]

1. d4 Nf6 2. c4 e6 3. Nf3 d5 4. Nc3 c6 5. e3 Be7 6. Qc2 Nbd7 7. g4 h6 8. Bd2 a5 9. Rg1 Nh7 10. e4 dxe4 11. Nxe4 Ndf6 12. Be3 Nxe4 13. Qxe4 Ng5 14. Nxg5 Bb4+ 15. Ke2 hxg5 16. Bg2 Be7 17. h3 Bf6 18. Rgd1 Qe7 19. Qd3 0-0 20. Qd2 Ra6 21. h4 g6 22. hxg5 Bg7 23. f4 c5 24. dxc5 e5 25. f5 gxf5 26. Rh1 e4 27. Rad1 f4 28. Bxf4 Bxg4+ 29. Ke1 Qe6 30. Rc1 Re8 31. Be3 Qe5 32. Qf2 Qxb2 33. Qxb2 Bxb2 34. Rc2 Bg7 35. Rh4 Bf5 36. Rf4 Bg6 37. Bh3 Be5 38. Rf1 Bg3+ 39. Kd2 Rd8+ 40. Kc1 Rd3 41. Bg1 Rc6 42. Bg4 Bh4 43. Rg2 Bxg5+ 44. Kc2 Bf6 45. Bf5 Bg7 46. Rxg6 fxg6 47. Bxe4 Rc3+ 48. Kb1 Rc7 49. Bxg6 Rxc4 50. Bf5 Rb4+ 51. Kc1 Bd4 52. Bh2 Rxc5+ 53. Kd1 Rc6 54. Be4 Rf6 55. Re1 Kg7 56. Bc7 b6 57. Rh1 Rh6 58. Rf1 Rc4 59. Bf4 Rf6 60. Rf3 Kf8 61. Bd6+ Ke8 62. Bf4 Bg1 0-1

[Event "SVK-ch U18/20 Girls"]
[Site "Tatralandia"]
[Date "2025.05.12"]
[Round "2"]
[White "Kapolkova, Greta"]
[Black "Zetocha, Adela"]
[Result "1-0"]
[WhiteElo "1914"]
[BlackElo "1760"]
[PlyCount "49"]
[EventDate "2025.05.11"]
[EventType "swiss"]
[EventRounds "9"]
[EventCountry "SVK"]
[SourceTitle "CB21_2025"]
[SourceDate "2025.05.21"]
[SourceVersion "1"]
[SourceVersionDate "2025.05.21"]
[SourceQuality "1"]

1. e4 e5 2. d4 exd4 3. Qxd4 Nc6 4. Qe3 d6 5. Nc3 Be7 6. Bd2 Nf6 7. 0-0-0 0-0 8. Be1 a6 9. f4 Qe8 10. Nf3 b5 11. h3 Na5 12. e5 Bd8 13. Bd3 Nd7 14. Nxb5 Nb7 15. Qe4 g6 16. Nbd4 Ndc5 17. Qe2 Nxd3+ 18. Qxd3 c5 19. exd6 Nxd6 20. Bc3 Nb5 21. Nxb5 axb5 22. Rhe1 Be6 23. f5 gxf5 24. Qd6 Be7 25. Qg3+ 1-0

[Event "SVK-ch U18 Girls rapid"]
[Site "Poprad"]
[Date "2025.05.03"]
[Round "7"]
[White "Kapolkova, Greta"]
[Black "Kosutova, Diana"]
[Result "1-0"]
[WhiteElo "1838"]
[BlackElo "1653"]
[PlyCount "117"]
[EventDate "2025.05.03"]
[EventType "tourn (rapid)"]
[EventRounds "7"]
[EventCountry "SVK"]
[SourceTitle "CB19_2025"]
[SourceDate "2025.05.07"]
[SourceVersion "1"]
[SourceVersionDate "2025.05.07"]
[SourceQuality "1"]

1. e4 e5 2. Nf3 Nc6 3. Bc4 Nf6 4. Ng5 d5 5. exd5 Nxd5 6. Nxf7 Kxf7 7. Qf3+ Ke8 8. Bxd5 Qf6 9. Bxc6+ Qxc6 10. Qxc6+ bxc6 11. 0-0 Bb7 12. Re1 Bd6 13. d4 Kf7 14. dxe5 Bc5 15. Be3 Be7 16. Nc3 Rhe8 17. Rad1 Kf8 18. f4 Bb4 19. a3 Ba5 20. b4 Bb6 21. Ne4 Re6 22. Nc5 Bxc5 23. Bxc5+ Kg8 24. f5 Ree8 25. Rd7 Bc8 26. Rxc7 Bxf5 27. c4 Re6 28. Rxa7 Rd8 29. Bb6 Rd2 30. Ra8+ Kf7 31. Bc7 Rc2 32. Rf1 Kg6 33. Rf8 Bd3 34. Rd1 Bxc4 35. Rf2 Rc3 36. Rf3 Rc2 37. Rg3+ Kh6 38. h3 g6 39. a4 Rb2 40. Bd6 Bb3 41. Ra1 Bc4 42. a5 Re8 43. a6 Ra8 44. a7 c5 45. Bxc5 Kg7 46. Rf3 Bd5 47. Rf2 Rxf2 48. Kxf2 Rf8+ 49. Bxf8+ Kxf8 50. a8Q+ Bxa8 51. Rxa8+ Ke7 52. Ke3 Ke6 53. Ke4 h6 54. Ra6+ Ke7 55. Kd5 g5 56. Ra7+ Ke8 57. Kd6 h5 58. e6 g4 59. Ra8# 1-0

[Event "SVK-chT 2425"]
[Site "Slovakia"]
[Date "2024.11.23"]
[Round "1.8"]
[White "Banas, Kamil"]
[Black "Kapolkova, Greta"]
[Result "1-0"]
[WhiteElo "2159"]
[BlackElo "1904"]
[PlyCount "63"]
[EventDate "2024.11.23"]
[EventType "team-tourn"]
[EventRounds "11"]
[EventCountry "SVK"]
[SourceTitle "CB48_2024"]
[SourceDate "2024.11.28"]
[SourceVersion "1"]
[SourceVersionDate "2024.11.28"]
[SourceQuality "1"]
[WhiteTeam "Modra"]
[BlackTeam "Bratislava KSN"]
[WhiteTeamCountry "SVK"]
[BlackTeamCountry "SVK"]

1. e4 c5 2. c4 Nc6 3. Ne2 g6 4. d4 cxd4 5. Nxd4 Bg7 6. Be3 d6 7. Nc3 Nf6 8. Be2 0-0 9. 0-0 Bd7 10. Qd2 Rc8 11. f3 a6 12. Rfc1 Nxd4 13. Bxd4 Be6 14. b3 Nd7 15. Be3 Qc7 16. Rc2 b5 17. Rac1 bxc4 18. Bxc4 Bxc4 19. Nd5 Qd8 20. Rxc4 Rxc4 21. Rxc4 e6 22. Nb4 Ne5 23. Rd4 d5 24. exd5 exd5 25. Nxa6 Qc8 26. Nb4 Re8 27. Nxd5 Qf5 28. Re4 f6 29. Qd4 Kf7 30. Nc7 Re7 31. Qd5+ Kf8 32. Bc5 1-0

[Event "Piestany Slovakia op-B"]
[Site "Piestany"]
[Date "2024.07.15"]
[Round "7"]
[White "Hasala, Richard"]
[Black "Kapolkova, Greta"]
[Result "1-0"]
[WhiteElo "1904"]
[BlackElo "1910"]
[PlyCount "55"]
[EventDate "2024.07.09"]
[EventType "swiss"]
[EventRounds "9"]
[EventCountry "SVK"]
[SourceTitle "EXT 2025"]
[Source "ChessBase"]
[SourceDate "2024.10.14"]
[SourceVersion "1"]
[SourceVersionDate "2024.10.14"]
[SourceQuality "1"]

1. d4 Nf6 2. Nf3 e6 3. e3 b6 4. Bd3 Bb7 5. Nbd2 c5 6. 0-0 h5 7. c3 Rg8 8. e4 g5 9. e5 g4 10. Ne1 Nd5 11. Ne4 cxd4 12. c4 f5 13. exf6 Nxf6 14. Qe2 Nxe4 15. Bxe4 Nc6 16. f3 Qc7 17. fxg4 hxg4 18. Bh7 Rh8 19. Bg6+ Kd8 20. g3 Ne5 21. Be4 Bc5 22. Bg5+ Ke8 23. Nd3 Rg8 24. Bxb7 Rb8 25. Bf4 Qxb7 26. Bxe5 d6 27. Bxd6 Bxd6 28. Qxe6+ 1-0

[Event "Piestany Slovakia op-B"]
[Site "Piestany"]
[Date "2024.07.13"]
[Round "5"]
[White "Gollner, Martin"]
[Black "Kapolkova, Greta"]
[Result "1/2-1/2"]
[WhiteElo "2043"]
[BlackElo "1910"]
[PlyCount "97"]
[EventDate "2024.07.09"]
[EventType "swiss"]
[EventRounds "9"]
[EventCountry "SVK"]
[SourceTitle "EXT 2025"]
[Source "ChessBase"]
[SourceDate "2024.10.14"]
[SourceVersion "1"]
[SourceVersionDate "2024.10.14"]
[SourceQuality "1"]

1. e4 c5 2. Nf3 d6 3. d4 cxd4 4. Nxd4 Nf6 5. Nc3 a6 6. Bg5 e5 7. Nb3 Be6 8. Be2 Be7 9. 0-0 h6 10. Bxf6 Bxf6 11. Nd5 Nd7 12. a4 0-0 13. a5 Be7 14. Bc4 Nf6 15. Qd3 Rc8 16. Rfc1 Nd7 17. f3 Kh8 18. Rd1 Rc6 19. Nd2 Bg5 20. Nb1 Qc8 21. b3 Bxd5 22. Bxd5 Rxc2 23. Bxb7 Qc5+ 24. Kh1 Qf2 25. Qf1 Qxf1+ 26. Rxf1 Nc5 27. Bd5 Rb2 28. Na3 Nxb3 29. Bxb3 Rxb3 30. Nc4 Rd8 31. Rfd1 Be7 32. h3 Rc3 33. Nb6 Rc6 34. Rd5 Kg8 35. Rad1 Kf8 36. Kg1 Ke8 37. Kf2 Rb8 38. Ke2 Rb7 39. R1d3 f6 40. Kd2 Rbc7 41. Ke3 Kf7 42. Rd2 f5 43. R2d3 fxe4 44. Kxe4 Ke6 45. g3 Bd8 46. f4 Rf7 47. fxe5 Bc7 48. exd6 Bxd6 49. g4 1/2-1/2

[Event "Piestany Slovakia op-B"]
[Site "Piestany"]
[Date "2024.07.12"]
[Round "4"]
[White "Kapolkova, Greta"]
[Black "Recky, Norbert"]
[Result "1-0"]
[WhiteElo "1910"]
[BlackElo "1800"]
[PlyCount "65"]
[EventDate "2024.07.09"]
[EventType "swiss"]
[EventRounds "9"]
[EventCountry "SVK"]
[SourceTitle "EXT 2025"]
[Source "ChessBase"]
[SourceDate "2024.10.14"]
[SourceVersion "1"]
[SourceVersionDate "2024.10.14"]
[SourceQuality "1"]

1. e4 c5 2. Nf3 a6 3. c4 g6 4. d4 cxd4 5. Nxd4 Bg7 6. Be3 Nc6 7. Qd2 Nf6 8. f3 0-0 9. Nc3 e6 10. Nxc6 dxc6 11. Qxd8 Rxd8 12. c5 e5 13. Bc4 Be6 14. Bxe6 fxe6 15. Ke2 Kf8 16. Na4 Ke7 17. Nb6 Rab8 18. b4 h6 19. Rad1 Rxd1 20. Rxd1 Rd8 21. Rxd8 Kxd8 22. Nc4 Ne8 23. Bf2 Kc7 24. Bg3 b5 25. cxb6+ Kb7 26. a4 Bf8 27. Be1 Bd6 28. a5 Bb8 29. Bc3 Nd6 30. Nxe5 Nb5 31. Bb2 Bd6 32. Nd3 h5 33. Nc5+ 1-0

[Event "Piestany Slovakia op-B"]
[Site "Piestany"]
[Date "2024.07.11"]
[Round "3"]
[White "Sajtlava, Igor"]
[Black "Kapolkova, Greta"]
[Result "0-1"]
[WhiteElo "1731"]
[BlackElo "1910"]
[PlyCount "96"]
[EventDate "2024.07.09"]
[EventType "swiss"]
[EventRounds "9"]
[EventCountry "SVK"]
[SourceTitle "EXT 2025"]
[Source "ChessBase"]
[SourceDate "2024.10.14"]
[SourceVersion "1"]
[SourceVersionDate "2024.10.14"]
[SourceQuality "1"]

1. d4 Nf6 2. Nf3 e6 3. c4 Bb4+ 4. Bd2 Qe7 5. a3 Bxd2+ 6. Qxd2 b6 7. Nc3 Bb7 8. e3 0-0 9. Be2 d6 10. 0-0 Nbd7 11. Rfd1 Ne4 12. Nxe4 Bxe4 13. Ne1 f5 14. f3 Bb7 15. Nd3 Rad8 16. Rf1 e5 17. Rae1 Qg5 18. d5 Qh4 19. b3 c6 20. dxc6 Bxc6 21. Nb4 Ba8 22. Nd5 f4 23. Bd1 Rf5 24. Qf2 Qxf2+ 25. Kxf2 Bxd5 26. cxd5 fxe3+ 27. Kxe3 Rc8 28. Kd2 Rc5 29. Bc2 Rxd5+ 30. Ke3 Rf8 31. Bd3 Rc5 32. Bc4+ d5 33. Bd3 Rc3 34. b4 a5 35. bxa5 bxa5 36. Rc1 d4+ 37. Kd2 Rfc8 38. Rxc3 Rxc3 39. a4 Nc5 40. Bb5 Kf7 41. Rb1 Ke6 42. Be8 Nb3+ 43. Kd1 d3 44. Bb5 Kd5 45. Be8 Kd4 46. Bf7 Nc5 47. Rb5 Ke3 48. Rxa5 d2 0-1

[Event "Piestany Slovakia op-B"]
[Site "Piestany"]
[Date "2024.07.09"]
[Round "1"]
[White "Nguyen Doan, Bao Anh Angelina"]
[Black "Kapolkova, Greta"]
[Result "0-1"]
[WhiteElo "1611"]
[BlackElo "1910"]
[PlyCount "68"]
[EventDate "2024.07.09"]
[EventType "swiss"]
[EventRounds "9"]
[EventCountry "SVK"]
[SourceTitle "EXT 2025"]
[Source "ChessBase"]
[SourceDate "2024.10.14"]
[SourceVersion "1"]
[SourceVersionDate "2024.10.14"]
[SourceQuality "1"]

1. e4 c5 2. Nf3 d6 3. d4 cxd4 4. Nxd4 Nf6 5. Nc3 a6 6. Be2 e5 7. Nb3 Be7 8. 0-0 0-0 9. Bg5 Nbd7 10. Qd3 b5 11. Qg3 Re8 12. a3 Bb7 13. Qe3 Qc7 14. Rad1 Rad8 15. f4 Nb6 16. f5 Nc4 17. Bxc4 bxc4 18. Bxf6 Bxf6 19. Nc1 Qa5 20. Nd5 Bxd5 21. Rxd5 Qa4 22. Qd2 c3 23. bxc3 Qxe4 24. Rxd6 Rxd6 25. Qxd6 Rd8 26. Qxa6 Rd2 27. Rf2 Qe3 28. Qa8+ Rd8 29. Qf3 Qxc1+ 30. Rf1 Qxc2 31. h3 e4 32. Qg3 Qxc3 33. Qg4 e3 34. Qf3 Qd2 0-1

[Event "SVK-ch U2300"]
[Site "Liptovsky Jan"]
[Date "2024.06.18"]
[Round "7"]
[White "Kapolkova, Greta"]
[Black "Lukac, Roman"]
[Result "1/2-1/2"]
[WhiteElo "1903"]
[BlackElo "2008"]
[PlyCount "78"]
[EventDate "2024.06.15"]
[EventType "swiss"]
[EventRounds "8"]
[EventCountry "SVK"]
[SourceTitle "CBM 220 Extra"]
[Source "ChessBase"]
[SourceDate "2024.07.31"]
[SourceVersion "1"]
[SourceVersionDate "2024.07.31"]
[SourceQuality "1"]

1. e4 e5 2. Nf3 Nc6 3. Nc3 Nf6 4. Bb5 Bb4 5. 0-0 0-0 6. d3 d6 7. Bg5 Bxc3 8. bxc3 h6 9. Bh4 Bg4 10. Qe2 g5 11. Bg3 Qe7 12. Bxc6 bxc6 13. h3 Bc8 14. Rfe1 Nh5 15. Bh2 Nf4 16. Bxf4 gxf4 17. Nh2 Qg5 18. Kh1 Kh7 19. d4 Rg8 20. Rg1 Rb8 21. Nf3 Qh5 22. Qd3 Rb2 23. a4 f5 24. dxe5 fxe4 25. Qxe4+ Bf5 26. Qxf4 Rg4 27. Qh2 Rg6 28. g4 Be4 29. gxh5 Bxf3+ 30. Rg2 Rxg2 31. Qxg2 Bxg2+ 32. Kxg2 Rxc2 33. exd6 cxd6 34. Rd1 d5 35. Rd3 Kg7 36. Rf3 Ra2 37. Rg3+ Kf7 38. Rg6 Rxa4 39. Rxc6 Rc4 1/2-1/2

[Event "SVK-ch U2300"]
[Site "Liptovsky Jan"]
[Date "2024.06.16"]
[Round "4"]
[White "Panko, Eduard1"]
[Black "Kapolkova, Greta"]
[Result "1-0"]
[WhiteElo "2100"]
[BlackElo "1903"]
[PlyCount "97"]
[EventDate "2024.06.15"]
[EventType "swiss"]
[EventRounds "8"]
[EventCountry "SVK"]
[SourceTitle "CBM 220 Extra"]
[Source "ChessBase"]
[SourceDate "2024.07.31"]
[SourceVersion "1"]
[SourceVersionDate "2024.07.31"]
[SourceQuality "1"]

1. g3 e5 2. Nf3 Nc6 3. d4 exd4 4. Nxd4 Qf6 5. c3 Bc5 6. Be3 Nh6 7. Bxh6 Qxh6 8. Bg2 Qf6 9. e3 0-0 10. 0-0 Ne5 11. Nd2 Bb6 12. Qh5 g6 13. Ne4 Qg7 14. Qd1 d5 15. Nd2 c6 16. N4f3 Bg4 17. Qa4 Nxf3+ 18. Bxf3 Bf5 19. Bg2 Rfe8 20. Rfe1 Qf6 21. Rac1 Rad8 22. b4 Bd3 23. Qb3 a6 24. a4 Bc7 25. Rcd1 Qf5 26. Rc1 Qf6 27. Bf1 Bf5 28. Nf3 Bc2 29. Rxc2 Qxf3 30. Bg2 Qf6 31. b5 axb5 32. axb5 Rc8 33. Rd1 Red8 34. Rcd2 Be5 35. Rd3 Qe7 36. h4 Bc7 37. Bf3 Ra8 38. Kg2 h5 39. R1d2 Ra3 40. Qd1 Be5 41. c4 Rxd3 42. Rxd3 cxb5 43. Bxd5 bxc4 44. Bxf7+ Kxf7 45. Rxd8 Kf6 46. Rd7 Qe8 47. Qf3+ Ke6 48. Qd5+ Kf6 49. Rxb7 1-0

[Event "SVK-ch U18/20 Girls"]
[Site "Tatralandia"]
[Date "2024.04.12"]
[Round "9"]
[White "Sosovickova, Jana"]
[Black "Kapolkova, Greta"]
[Result "1-0"]
[WhiteElo "1943"]
[BlackElo "1918"]
[PlyCount "59"]
[EventDate "2024.04.05"]
[EventType "swiss"]
[EventRounds "9"]
[EventCountry "SVK"]
[SourceTitle "CBM 219 Extra"]
[Source "ChessBase"]
[SourceDate "2024.05.31"]
[SourceVersion "1"]
[SourceVersionDate "2024.05.31"]
[SourceQuality "1"]

1. e4 c5 2. Nf3 d6 3. d4 cxd4 4. Nxd4 Nf6 5. Nc3 a6 6. f3 e5 7. Nb3 Be7 8. Be3 Be6 9. Qd2 0-0 10. 0-0-0 b5 11. g4 b4 12. Nd5 Bxd5 13. exd5 a5 14. Kb1 a4 15. Nc1 Qa5 16. g5 Nfd7 17. h4 f5 18. gxf6 Bxf6 19. h5 Na6 20. Rg1 Nac5 21. Rg4 Rfb8 22. Qg2 Kh8 23. Bc4 b3 24. cxb3 axb3 25. a3 Qc7 26. Rg1 Nb6 27. Bxc5 dxc5 28. d6 Qxd6 29. Rxg7 h6 30. Rh7+ 1-0

[Event "SVK-ch U18/20 Girls"]
[Site "Tatralandia"]
[Date "2024.04.11"]
[Round "8"]
[White "Kapolkova, Greta"]
[Black "Bochnickova, Simona"]
[Result "0-1"]
[WhiteElo "1918"]
[BlackElo "1943"]
[PlyCount "68"]
[EventDate "2024.04.05"]
[EventType "swiss"]
[EventRounds "9"]
[EventCountry "SVK"]
[SourceTitle "CBM 219 Extra"]
[Source "ChessBase"]
[SourceDate "2024.05.31"]
[SourceVersion "1"]
[SourceVersionDate "2024.05.31"]
[SourceQuality "1"]

1. e4 c5 2. Nf3 d6 3. Bb5+ Bd7 4. Bxd7+ Qxd7 5. c4 e5 6. 0-0 g6 7. Nc3 Nc6 8. d3 Bg7 9. Be3 Nge7 10. Qd2 0-0 11. Bh6 f5 12. Bxg7 Kxg7 13. exf5 Rxf5 14. Ng5 Nd4 15. Nge4 Rf3 16. Ne2 Nec6 17. Nxd4 Nxd4 18. Nc3 Qf5 19. Rad1 Rf8 20. Ne4 Qh5 21. Rde1 R8f4 22. Ng3 Qg4 23. h3 Qd7 24. Ne2 Rh4 25. Ng3 Qe7 26. Re4 Rxe4 27. dxe4 Qh4 28. Re1 Rf4 29. Re3 h5 30. Nf1 Rxe4 31. g3 Qxh3 32. Qd3 Rxe3 33. Qxe3 Qg4 34. Qd2 Nf3+ 0-1

[Event "SVK-ch U18/20 Girls"]
[Site "Tatralandia"]
[Date "2024.04.08"]
[Round "5"]
[White "Kapolkova, Greta"]
[Black "Zetocha, Adela"]
[Result "1-0"]
[WhiteElo "1918"]
[BlackElo "1743"]
[PlyCount "91"]
[EventDate "2024.04.05"]
[EventType "swiss"]
[EventRounds "9"]
[EventCountry "SVK"]
[SourceTitle "CBM 219 Extra"]
[Source "ChessBase"]
[SourceDate "2024.05.31"]
[SourceVersion "1"]
[SourceVersionDate "2024.05.31"]
[SourceQuality "1"]

1. e4 d6 2. d4 Nf6 3. Nc3 c6 4. f4 Qa5 5. Bd3 e5 6. dxe5 dxe5 7. fxe5 Ng4 8. Nf3 Nxe5 9. Bf4 Bd6 10. Bxe5 Bxe5 11. Nxe5 Qxe5 12. 0-0 Be6 13. Qf3 Nd7 14. Ne2 0-0-0 15. b4 c5 16. bxc5 Qxc5+ 17. Kh1 f6 18. Nf4 Bf7 19. Be2 Qg5 20. Qa3 Kb8 21. Nd3 Qe3 22. Rae1 Qd4 23. Rb1 Nb6 24. Rfd1 Qa4 25. Qb2 Qxa2 26. Qc1 Rc8 27. Qf4+ Ka8 28. Rb2 Qa4 29. Qf1 Qxe4 30. Ra1 Qd4 31. Rb4 Rc4 32. Rb5 Ra4 33. Rab1 Bc4 34. R5b2 Ra2 35. Rb4 Ra4 36. Rxa4 Nxa4 37. Qf5 Nb6 38. Qa5 Re8 39. Ra1 Ba6 40. Bf3 Re4 41. Bxe4 Qxe4 42. Re1 Qg6 43. Nb4 Bc4 44. Qc5 Kb8 45. Re7 Ka8 46. Qc7 1-0

[Event "SVK-ch U18/20 Girls"]
[Site "Tatralandia"]
[Date "2024.04.07"]
[Round "4"]
[White "Subjakova, Kristina"]
[Black "Kapolkova, Greta"]
[Result "1-0"]
[WhiteElo "1791"]
[BlackElo "1918"]
[PlyCount "77"]
[EventDate "2024.04.05"]
[EventType "swiss"]
[EventRounds "9"]
[EventCountry "SVK"]
[SourceTitle "CBM 219 Extra"]
[Source "ChessBase"]
[SourceDate "2024.05.31"]
[SourceVersion "1"]
[SourceVersionDate "2024.05.31"]
[SourceQuality "1"]

1. e4 e5 2. Nf3 Nc6 3. Bb5 a6 4. Ba4 Nf6 5. 0-0 d6 6. Re1 Be7 7. h3 Bd7 8. c3 0-0 9. d3 b5 10. Bb3 Na5 11. Bc2 Re8 12. Nbd2 Nc6 13. Nf1 Bf8 14. Ng3 h6 15. a3 Ne7 16. d4 Ng6 17. a4 Qe7 18. Nf5 Qd8 19. Ng3 Nh7 20. axb5 axb5 21. Rxa8 Qxa8 22. dxe5 Nxe5 23. Nd4 Ng6 24. Qf3 Ng5 25. Bxg5 hxg5 26. Qh5 Qd8 27. Bb3 Ne5 28. Qe2 c6 29. Nf3 Ng6 30. Qd2 Nf4 31. h4 Be7 32. hxg5 Bxg5 33. Qxd6 Nxg2 34. Nxg5 Nxe1 35. Bxf7+ Kh8 36. Bxe8 Qxe8 37. Qd1 Qg6 38. Qxd7 Qxg5 39. Qd1 1-0

[Event "SVK-ch U18/20 Girls"]
[Site "Tatralandia"]
[Date "2024.04.06"]
[Round "2"]
[White "Carnecka, Stella"]
[Black "Kapolkova, Greta"]
[Result "0-1"]
[WhiteElo "1806"]
[BlackElo "1918"]
[PlyCount "50"]
[EventDate "2024.04.05"]
[EventType "swiss"]
[EventRounds "9"]
[EventCountry "SVK"]
[SourceTitle "CBM 219 Extra"]
[Source "ChessBase"]
[SourceDate "2024.05.31"]
[SourceVersion "1"]
[SourceVersionDate "2024.05.31"]
[SourceQuality "1"]

1. e4 e5 2. Nc3 Nf6 3. f4 d5 4. fxe5 Nxe4 5. Qf3 f5 6. d3 Nxc3 7. bxc3 d4 8. Be2 Nc6 9. Qg3 Qe7 10. Nf3 Qc5 11. 0-0 dxc3+ 12. Kh1 Be6 13. Ng5 Qe7 14. Nxh7 Bf7 15. Nxf8 Rxf8 16. Qxg7 Nd4 17. Bd1 Rg8 18. Qh7 0-0-0 19. Ba3 Qg5 20. g3 Bd5+ 21. Kg1 Rh8 22. Qe7 Qe3+ 23. Rf2 Rxh2 24. Qxd8+ Kxd8 25. Kxh2 Qh6+ 0-1

[Event "SVK-chT2A 2324"]
[Site "Slovakia"]
[Date "2024.03.17"]
[Round "11.5"]
[White "Bohunicky, Ivan"]
[Black "Kapolkova, Greta"]
[Result "0-1"]
[WhiteElo "1920"]
[BlackElo "1786"]
[PlyCount "56"]
[EventDate "2023.10.07"]
[EventType "team-tourn"]
[EventRounds "11"]
[EventCountry "SVK"]
[SourceTitle "EXT 2025"]
[Source "ChessBase"]
[SourceDate "2024.10.14"]
[SourceVersion "1"]
[SourceVersionDate "2024.10.14"]
[SourceQuality "1"]
[WhiteTeam "Cifer"]
[BlackTeam "Modra II"]
[WhiteTeamCountry "SVK"]
[BlackTeamCountry "SVK"]

1. d4 e6 2. c4 Nf6 3. Nc3 Bb4 4. e3 d5 5. a3 Bxc3+ 6. bxc3 c5 7. Qb3 Nbd7 8. Nf3 0-0 9. Bd3 b6 10. cxd5 exd5 11. c4 cxd4 12. exd4 Re8+ 13. Kf1 Ba6 14. Bg5 Bxc4 15. Bxc4 dxc4 16. Qxc4 Rc8 17. Qa4 Qc7 18. g3 Qb7 19. Kg2 Rc3 20. Be3 Ng4 21. Rae1 Ndf6 22. d5 Qxd5 23. Qd4 Nxe3+ 24. Rxe3 Rexe3 25. Qxd5 Nxd5 26. fxe3 Nxe3+ 27. Kf2 Ng4+ 28. Kg2 Rc2+ 0-1

[Event "SVK-chT1W 2324"]
[Site "Slovakia"]
[Date "2023.11.26"]
[Round "4.7"]
[White "Kapolkova, Greta"]
[Black "Hudoba, Ondrej"]
[Result "1-0"]
[WhiteElo "1906"]
[BlackElo "2034"]
[PlyCount "97"]
[EventDate "2023.10.21"]
[EventType "team-tourn"]
[EventRounds "11"]
[EventCountry "SVK"]
[SourceTitle "EXT 2025"]
[Source "ChessBase"]
[SourceDate "2024.10.14"]
[SourceVersion "1"]
[SourceVersionDate "2024.10.14"]
[SourceQuality "1"]
[WhiteTeam "Bratislava KSN"]
[BlackTeam "Levice II"]
[WhiteTeamCountry "SVK"]
[BlackTeamCountry "SVK"]

1. e4 e5 2. Nf3 Nc6 3. Nc3 Nf6 4. Bb5 Nd4 5. Nxd4 exd4 6. e5 dxc3 7. exf6 Qxf6 8. dxc3 c6 9. Bd3 d5 10. Be3 Bd6 11. Qd2 Bf5 12. 0-0-0 0-0 13. Bxf5 Qxf5 14. Qd3 Qxd3 15. Rxd3 b5 16. a4 a6 17. axb5 axb5 18. Kd2 f5 19. f4 Rfe8 20. g3 Ra2 21. b4 Re4 22. Bd4 Ra8 23. Rb1 Kf7 24. Re3 g6 25. Re2 h6 26. Rf2 Bf8 27. h3 Ke6 28. Re1 Rxe1 29. Kxe1 Ra1+ 30. Kd2 Rh1 31. h4 Rh3 32. Re2+ Kf7 33. Re3 Bd6 34. Rf3 Be7 35. Ke2 Rh1 36. Rf1 Rh3 37. Rf3 Ke6 38. Kf1 Rh1+ 39. Bg1 c5 40. Kg2 Rxg1+ 41. Kxg1 d4 42. bxc5 Bxc5 43. cxd4 Bxd4+ 44. Kg2 b4 45. Rd3 Kd5 46. h5 gxh5 47. Kh3 Kc4 48. Kh4 Bc3 49. Rd6 1-0

[Event "EU-ch U16 Girls rapid"]
[Site "Terme Catez"]
[Date "2023.09.28"]
[Round "6"]
[White "Kapolkova, Greta"]
[Black "Bochnickova, Simona"]
[Result "0-1"]
[WhiteElo "1659"]
[BlackElo "1877"]
[PlyCount "106"]
[EventDate "2023.09.28"]
[EventType "swiss (rapid)"]
[EventRounds "9"]
[EventCountry "SLO"]
[SourceTitle "EXT 2024"]
[Source "ChessBase"]
[SourceDate "2023.10.10"]
[SourceVersion "1"]
[SourceVersionDate "2023.10.10"]
[SourceQuality "1"]

1. e4 c5 2. Nf3 d6 3. Bb5+ Bd7 4. Bxd7+ Qxd7 5. c4 Nc6 6. d4 cxd4 7. Nxd4 Nf6 8. Nc3 g6 9. 0-0 Bg7 10. f3 Nxe4 11. fxe4 Bxd4+ 12. Kh1 0-0 13. Ne2 Bg7 14. Rb1 Qe6 15. Qc2 Nd4 16. Nxd4 Bxd4 17. b3 Rac8 18. Qd3 Be5 19. Be3 a6 20. Rf2 b5 21. cxb5 Rc3 22. Qd2 axb5 23. Rbf1 Rfc8 24. Bf4 Bf6 25. Qe2 Bd4 26. Rf3 f5 27. Rxc3 Rxc3 28. Qxb5 Qxe4 29. Bh6 Qa8 30. Qd7 Rc2 31. Rg1 Qc8 32. Qxe7 Rc7 33. Qxd6 Bxg1 34. Qd5+ Rf7 35. Kxg1 Qe8 36. Kf2 Qb8 37. g3 Qb6+ 38. Kg2 Qb7 39. Qxb7 Rxb7 40. Bf4 Ra7 41. a4 Rb7 42. a5 Rxb3 43. Bc7 Ra3 44. Bb6 Kf7 45. h4 Ke6 46. Bc7 Kd5 47. Bb6 Ke4 48. Bc7 Ra2+ 49. Kh3 Kf3 50. h5 g5 51. h6 Ra1 52. Kh2 f4 53. a6 Rxa6 0-1